Modelovanie PEM palivového článku
Guardado en:
| Autor principal: | |
|---|---|
| Otros Autores: | |
| Formato: | Manuscrito Libro |
| Lenguaje: | eslovaco |
| Publicado: |
Bratislava :
STU v Bratislave FEI,
2021
|
| Materias: | |
| Acceso en línea: | https://opac.crzp.sk/?fn=detailBiblioForm&sid=4A7927334F9373E9264DD199785B&seo=CRZP-detail-kniha |
| Etiquetas: |
Sin Etiquetas, Sea el primero en etiquetar este registro!
|
MARC
| LEADER | 00000ntm a22000003a 4500 | ||
|---|---|---|---|
| 001 | stuzp82988 | ||
| 003 | SK-STU | ||
| 005 | 20211116124916.9 | ||
| 007 | ta | ||
| 008 | 150427s2015----xo-----f-mn---000-0-slo-d | ||
| 040 | |a STU |b slo | ||
| 041 | 0 | |a slo | |
| 044 | |a xo | ||
| 100 | 1 | |a Uličný, Michal Miloslav |u 030400 |4 aut |U FEI Fakulta elektrotechniky a informatiky |T FEI Ústav automobilovej mechatroniky |X 86413 |U E400 |Y 642 |7 86413 | |
| 242 | 0 | 1 | |a Modeling of PEM fuel cell |y eng |
| 245 | 1 | 0 | |a Modelovanie PEM palivového článku |
| 260 | |a Bratislava : |b STU v Bratislave FEI, |c 2021 | ||
| 300 | |a 71 s. | ||
| 650 | 4 | |a CFD |2 slo | |
| 650 | 4 | |a ANSYS |2 slo | |
| 650 | 4 | |a PEMFC |2 slo | |
| 650 | 4 | |a palivový článok |2 slo | |
| 650 | 4 | |a PEMFC |2 eng | |
| 650 | 4 | |a ANSYS |2 eng | |
| 650 | 4 | |a CFD |2 eng | |
| 650 | 4 | |a fuel cell |2 eng | |
| 700 | 1 | |a Kutiš, Vladimír |u 030400 |k Z1 |4 ths |U FEI Fakulta elektrotechniky a informatiky |T FEI Ústav automobilovej mechatroniky |X 1879 |U E400 |Y 642 |7 A000001879 | |
| 856 | 4 | |u https://opac.crzp.sk/?fn=detailBiblioForm&sid=4A7927334F9373E9264DD199785B&seo=CRZP-detail-kniha | |